• 首页
  • 本馆介绍
  • 公告通知
  • 最新文献
  • 馆藏检索
  • 电子资源
  • 读者导购
  • 参考咨询
  • 我的图书馆
  • 登录
  • 详细信息显示
  • 放入我的书架
  • 预约/预借图书
  • 作者相关作品
  • 分类相关作品
  • 丛书相关作品
  • 出版社相关作品

书目信息

  • 表格格式
  • 工作单格式
  • 卡片格式
题名:
陈云文选
    
 
作者: 陈云 著 ;中共中央书记处研究室 编辑
分册:  
出版信息: 北京   人民出版社  1984
页数: 313页
开本: 21cm
丛书名:
单 册:
中图分类: D2-0 , D2-1
科图分类:
主题词: 中国共产党
电子资源:
ISBN:
000 00795nam0 2200277 45
001 0184010535
005 20040427152813.2
010    @dCNY3.60@b精装
091    @a3001.1951
100    @a19950626d1984 kemy0chiy0121 ea
101 0  @achi
102    @aCN@b110000
105    @ay z 000yy
106    @ar
200 10 @a陈云文选@Achen yun wen xuan@e一九二六--一九四九年@f陈云著@g中共中央书记处研究室编辑
210    @a北京@c人民出版社@d1984
215    @a313页@d21cm
600  0 @a陈云@z1926~1949@x文集
606 0  @a中国共产党
690    @aD2-0@v3
690    @aD2-1
701  0 @a陈云@Achen yun@4著
712 02 @a中共中央书记处研究室@Azhong gong zhong yang shu ji chu yan jiu shi@4编辑
801  0 @aCN@b上海图书馆@c20040427
801  2 @aCN@bNLC@c20040427
905    @f1@b156603@dD2-1@e12
    
    陈云文选:一九二六--一九四九年/陈云著/中共中央书记处研究室编辑.-北京:人民出版社,1984
    313页;21cm
    
    
    ISBN (精装):CNY3.60
    
●
相关链接 在E读中查询图书 在五车中查询图书 在当当中查询图书 在豆瓣中查询图书


正题名:陈云文选     索取号:D2-1/12         预约/预借

序号 登录号 条形码 馆藏地/架位号 状态 备注
1 0156602   002050096   第一样本阅览室/ [索取号:D2-1/12] 在馆    
2 0156603   001010925   第一借阅区/ [索取号:D2-1/12] 在馆    
3 0156604   001808155   密集书库/ [索取号:D2-1/12] 在馆    
唐山师范学院图书馆 欢迎您!
大连网信软件有限公司© 版权所有